[Event "Continental Class Ch."]
[Site "Arlington, VA"]
[Date "2010.10.07"]
[Round "1"]
[White "Stripunsky, Alexander"]
[Black "Gutman, Joshua"]
[Result "1-0"]
[WhiteElo "2583"]
[BlackElo "2167"]
[PlyCount "66"]
[EventDate "2010.10.??"]
[Source "MonRoi"]

1. e4 c5 2. Nf3 d6 3. c3 Nf6 4. Be2 Bg4 5. O-O e6 6. d3 Nc6 7. Nbd2 d5 8. Re1
Be7 9. Qa4 Qc7 10. exd5 exd5 11. Nb3 O-O 12. Bg5 Bxf3 13. Bxf3 Ne5 14. Qf4
Nxf3+ 15. Qxf3 Rad8 16. Re2 h6 17. Bh4 b6 18. Rae1 Rd7 19. Nd2 Kh8 20. Re5 Ng8
21. Bg3 Qd8 22. Nf1 Bf6 23. R5e2 Re7 24. Rxe7 Bxe7 25. Re5 Nf6 26. Bh4 d4 27.
c4 Ng8 28. Bg3 Bf6 29. Re4 Qd7 30. b3 Ne7 31. Bf4 Qf5 32. Ng3 Qg6 33. Bd6 Qg5
1-0

[Event "Continental Class Ch."]
[Site "Arlington, VA"]
[Date "2010.10.07"]
[Round "1"]
[White "Williams, Justus"]
[Black "Kacheishvili, Giorgi"]
[Result "0-1"]
[WhiteElo "2155"]
[BlackElo "2568"]
[PlyCount "162"]
[EventDate "2010.10.??"]
[Source "MonRoi"]

1. Nf3 c5 2. c4 Nc6 3. g3 g6 4. Bg2 Bg7 5. O-O e5 6. Nc3 Nge7 7. d3 O-O 8. Bd2
d6 9. a3 a6 10. Rb1 Rb8 11. b4 cxb4 12. axb4 b5 13. cxb5 axb5 14. Ne1 Be6 15.
Nc2 Qd7 16. Na3 Nd4 17. e3 Ndf5 18. Ne4 h6 19. Qe2 Nd5 20. Nc2 Nfe7 21. f3 f5
22. Nf2 Rfc8 23. Rfc1 Nc3 24. Bxc3 Rxc3 25. Nd1 Rc7 26. e4 Rbc8 27. Qd2 d5 28.
Ne1 d4 29. f4 exf4 30. gxf4 Qd6 31. e5 Qb6 32. Rxc7 Rxc7 33. Rc1 Rd7 34. Nc2
Bf8 35. Qf2 Nc6 36. Rb1 Nd8 37. Nc3 Bf7 38. Ne2 Ne6 39. Kf1 Be7 40. Ke1 Qd8 41.
Kd1 Bh4 42. Qf3 Kg7 43. Qh3 Rc7 44. Na3 Ra7 45. Nxb5 Ra2 46. Qf3 Nc5 47. Nbxd4
Na4 48. e6 Be8 49. Qd5 Ra3 50. Kd2 Qb8 51. Qb7+ Qxb7 52. Bxb7 Be7 53. Nc2 Ra2
54. Bd5 Rb2 55. Rxb2 Nxb2 56. Kc3 Na4+ 57. Kb3 Nb6 58. Ne3 Kf6 59. Bc4 Bd6 60.
Nd5+ Nxd5 61. Bxd5 Bb5 62. Kc3 Ba4 63. Bb3 Bc6 64. Nd4 Bg2 65. Ne2 Bf1 66. Ng3
Bh3 67. Ne2 Bg4 68. Nd4 Bxf4 69. b5 Bxh2 70. Nc6 Bf3 71. Nd4 Bb7 72. Kc4 h5 73.
Kc5 h4 74. Bd5 Bxd5 75. Kxd5 h3 76. Kc6 Ke7 77. Kd5 Bg3 78. Ne2 Bb8 79. Nd4 h2
80. Nc6+ Kf6 81. Nxb8 h1=Q+ 0-1

[Event "Continental Class Ch."]
[Site "Arlington, VA"]
[Date "2010.10.07"]
[Round "1"]
[White "De Fotis, Gary"]
[Black "Paragua, Mark"]
[Result "0-1"]
[WhiteElo "2129"]
[BlackElo "2496"]
[PlyCount "110"]
[EventDate "2010.10.??"]
[Source "MonRoi"]

1. d4 Nf6 2. c4 g6 3. g3 Bg7 4. Bg2 O-O 5. Nc3 d6 6. Nf3 Nbd7 7. O-O e5 8. e4
exd4 9. Nxd4 Re8 10. Re1 a6 11. b3 Rb8 12. Bb2 c5 13. Nc2 Ne5 14. h3 Nc6 15.
Qd2 Qa5 16. Rad1 Nd7 17. f4 Nd4 18. Nxd4 Bxd4+ 19. Kh2 b5 20. cxb5 axb5 21. Nd5
Qxd2 22. Rxd2 Bxb2 23. Rxb2 Kg7 24. Rd1 Nf8 25. Ne3 Bb7 26. Rxd6 Bxe4 27. Ng4
Bxg2 28. Kxg2 Red8 29. Rxd8 Rxd8 30. Rc2 Ne6 31. Ne5 h5 32. h4 Rd1 33. Nf3 Ra1
34. Kf2 f6 35. Ke3 Kf7 36. Ke4 Ke7 37. Kd5 Rf1 38. Rc3 Kd7 39. a4 Rd1+ 40. Ke4
bxa4 41. bxa4 Ra1 42. Nd2 Rxa4+ 43. Nc4 Nc7 44. f5 Nb5 45. Rc1 Nd6+ 46. Kd5
Nxc4 47. Rxc4 Rxc4 48. Kxc4 gxf5 49. Kxc5 Ke6 50. Kd4 f4 51. gxf4 Kf5 52. Ke3
Kg4 53. Ke4 Kxh4 54. Kf5 Kg3 55. Kxf6 Kxf4 0-1

[Event "Continental Class Ch."]
[Site "Arlington, VA"]
[Date "2010.10.07"]
[Round "1"]
[White "Holt, Conrad"]
[Black "Smarty, Sylvester"]
[Result "1-0"]
[WhiteElo "2403"]
[BlackElo "2096"]
[PlyCount "81"]
[EventDate "2010.10.??"]
[Source "MonRoi"]

1. d4 Nf6 2. c4 e5 3. dxe5 Ng4 4. Bf4 Nc6 5. Nf3 Bb4+ 6. Nbd2 Qe7 7. a3 Ngxe5
8. Nxe5 Nxe5 9. e3 Bxd2+ 10. Qxd2 d6 11. Be2 Bf5 12. f3 f6 13. O-O O-O-O 14.
Qa5 Kb8 15. e4 Be6 16. Be3 Nc6 17. Qa4 Bd7 18. b4 Nd4 19. Qd1 Nxe2+ 20. Qxe2 f5
21. exf5 Rde8 22. Rfe1 Qf7 23. Qf2 a6 24. Qb2 Qxf5 25. Qd4 Bc6 26. a4 Qg6 27.
Rf1 Rhf8 28. Kh1 b6 29. a5 b5 30. cxb5 Bxb5 31. Qa7+ Kc8 32. Rac1 c6 33. Rfe1
Qf7 34. Qa8+ Kd7 35. Qa7+ Ke6 36. Bf2+ Kf6 37. Qd4+ Kg6 38. Qg4+ Kh6 39. Be3+
Rxe3 40. Rxe3 g6 41. Qh4+ 1-0

[Event "Continental Class Ch."]
[Site "Arlington, VA"]
[Date "2010.10.07"]
[Round "1"]
[White "Campiz, Leonardo"]
[Black "Yang, Darwin"]
[Result "0-1"]
[WhiteElo "2070"]
[BlackElo "2402"]
[PlyCount "80"]
[EventDate "2010.10.??"]
[Source "MonRoi"]

1. c4 c5 2. Nf3 Nc6 3. d4 cxd4 4. Nxd4 e6 5. Nc2 Nf6 6. Nc3 d5 7. e3 Bc5 8. Be2
O-O 9. cxd5 exd5 10. O-O Bf5 11. Bd3 Bg4 12. Be2 Be6 13. b3 a6 14. Bb2 Rc8 15.
Na4 Bd6 16. Nd4 b5 17. Nc3 Nxd4 18. Qxd4 Qc7 19. Qh4 Be5 20. Rac1 Qb7 21. f4
Bd6 22. Bd3 Be7 23. Qg3 Rfe8 24. Ne2 Bd7 25. Bd4 b4 26. Rcd1 Bb5 27. Bxb5 Qxb5
28. Rd2 g6 29. Bxf6 Bxf6 30. Rfd1 Rc5 31. Qf3 Qb6 32. Nd4 Rc3 33. Qxd5 Rcxe3
34. Kf1 Qc7 35. g3 Qc8 36. Qg2 Qg4 37. h3 Qxg3 38. Qxg3 Rxg3 39. Nc6 Re4 40.
Rd3 Rxf4+ 0-1

[Event "Continental Class Ch."]
[Site "Arlington, VA"]
[Date "2010.10.07"]
[Round "1"]
[White "Kats, Alena"]
[Black "Gulamali, Kazim"]
[Result "0-1"]
[WhiteElo "2055"]
[BlackElo "2344"]
[PlyCount "60"]
[EventDate "2010.10.??"]
[Source "MonRoi"]

1. e4 e5 2. Nf3 Nc6 3. Bb5 a6 4. Ba4 Nf6 5. O-O b5 6. Bb3 Bc5 7. c3 d6 8. d3 h6
9. Nbd2 O-O 10. Re1 Bb6 11. Nf1 Na5 12. Bc2 c5 13. Ne3 Nc6 14. Bb3 Be6 15. c4
Na5 16. Nd5 Nxd5 17. cxd5 Bd7 18. Bc2 f5 19. h3 Qf6 20. Kh2 f4 21. Ng1 Qh4 22.
Qe2 c4 23. Rf1 Rf6 24. dxc4 Raf8 25. Bd1 f3 26. gxf3 Rg6 27. f4 Rxg1 28. Kxg1
Bxh3 29. Qf3 exf4 30. e5 Rf5 0-1

[Event "Continental Class Ch."]
[Site "Arlington, VA"]
[Date "2010.10.07"]
[Round "1"]
[White "Stokes, William"]
[Black "Betaneli, Alex"]
[Result "0-1"]
[WhiteElo "2012"]
[BlackElo "2274"]
[PlyCount "54"]
[EventDate "2010.10.??"]
[Source "MonRoi"]

1. Nf3 d5 2. d4 Nf6 3. g3 c6 4. Bg2 Bf5 5. O-O h6 6. Na3 e6 7. Nb1 Nbd7 8. Nbd2
Bd6 9. c3 O-O 10. Re1 Bh7 11. Nf1 Qc7 12. b3 e5 13. dxe5 Nxe5 14. Bb2 Ne4 15.
Nxe5 Bxe5 16. Bxe4 Bxe4 17. Ne3 h5 18. Qd2 h4 19. f3 Bh7 20. Kg2 hxg3 21. hxg3
Bxg3 22. Rh1 Bf4 23. Rxh7 Kxh7 24. Rh1+ Kg8 25. Qd4 Qe5 26. Qxe5 Bxe5 27. Nf5
Rfe8 0-1

[Event "Continental Class Ch."]
[Site "Arlington, VA"]
[Date "2010.10.08"]
[Round "2"]
[White "Kacheishvili, Giorgi"]
[Black "Gulamali, Kazim"]
[Result "1/2-1/2"]
[WhiteElo "2568"]
[BlackElo "2344"]
[PlyCount "112"]
[EventDate "2010.10.??"]
[Source "MonRoi"]

1. d4 Nf6 2. c4 e6 3. Nf3 b6 4. e3 Bb7 5. Bd3 Bb4+ 6. Nbd2 O-O 7. O-O d5 8. a3
Be7 9. b4 dxc4 10. Nxc4 Nbd7 11. Rb1 Bd6 12. Re1 Ne4 13. Qc2 f5 14. Rd1 Rc8 15.
Nfe5 Qe7 16. f3 Nef6 17. Bb2 Nd5 18. Qd2 a6 19. Bf1 Rfd8 20. Qe1 Bxe5 21. dxe5
b5 22. Na5 Ba8 23. a4 c6 24. Bd4 N5b6 25. axb5 cxb5 26. Bd3 Na4 27. Rdc1 Qg5
28. Qg3 Qxg3 29. hxg3 Bd5 30. Kf2 Ndb6 31. Ke2 Rxc1 32. Rxc1 Rc8 33. Rh1 Nc4
34. g4 g6 35. gxf5 gxf5 36. Nxc4 Bxc4 37. Bxc4 Rxc4 38. Rh6 Rc6 39. Rf6 a5 40.
bxa5 b4 41. Rh6 b3 42. Rh1 b2 43. Kd2 Ra6 44. Kc2 Rxa5 45. Rd1 Kf7 46. Rd3 Rb5
47. Kb1 Rb4 48. g3 Rc4 49. Rd1 Nc3+ 50. Bxc3 Rxc3 51. Rd7+ Ke8 52. Rxh7 Rxe3
53. g4 Rxf3 54. gxf5 Rxf5 55. Kxb2 Rxe5 56. Kc3 Rd5 1/2-1/2

[Event "Continental Class Ch."]
[Site "Arlington, VA"]
[Date "2010.10.08"]
[Round "2"]
[White "Betaneli, Alex"]
[Black "Lenderman, Aleksandr"]
[Result "1/2-1/2"]
[WhiteElo "2274"]
[BlackElo "2559"]
[PlyCount "81"]
[EventDate "2010.10.??"]
[Source "MonRoi"]

1. e4 c5 2. Nf3 g6 3. c4 Nc6 4. d4 cxd4 5. Nxd4 Nf6 6. Nc3 d6 7. Be2 Nxd4 8.
Qxd4 Bg7 9. Bg5 O-O 10. Qd2 a5 11. O-O a4 12. Rab1 Qa5 13. Bd3 Re8 14. Nd5 Qxd2
15. Bxd2 Nxd5 16. cxd5 Bd7 17. Rfc1 Rec8 18. Rxc8+ Rxc8 19. b3 Bc3 20. Bg5 f6
21. Be3 a3 22. Rc1 Kg7 23. Kf1 b5 24. b4 e6 25. Ke2 exd5 26. exd5 Bxb4 27. Rxc8
Bxc8 28. Bxb5 Bf5 29. Bd3 Bd7 30. Bd2 Bc5 31. f3 Ba4 32. Bc3 Kf7 33. g4 Bd7 34.
Kd2 Ba4 35. h3 h6 36. Bc2 Bb5 37. Bd3 Ba4 38. Be2 g5 39. Bc4 Ke7 40. Bd3 Kf7
41. Bc2 1/2-1/2

[Event "Continental Class Ch."]
[Site "Arlington, VA"]
[Date "2010.10.08"]
[Round "2"]
[White "Santarius, Erik"]
[Black "Perelshteyn, Eugene"]
[Result "1/2-1/2"]
[WhiteElo "2249"]
[BlackElo "2528"]
[PlyCount "118"]
[EventDate "2010.10.??"]
[Source "MonRoi"]

1. e4 c5 2. b3 Nc6 3. Bb2 e5 4. Bb5 Nge7 5. Ne2 g6 6. O-O Bg7 7. f4 d6 8. Nbc3
O-O 9. Bxc6 bxc6 10. fxe5 Bxe5 11. Na4 Bxb2 12. Nxb2 f5 13. d3 fxe4 14. Rxf8+
Qxf8 15. dxe4 Qf6 16. Nd3 Bg4 17. Qf1 Qg7 18. Rd1 Rf8 19. Qe1 Nc8 20. h3 Bxe2
21. Qxe2 Qd4+ 22. Kh1 Re8 23. Nf2 Qc3 24. Kh2 Kg7 25. Ng4 h5 26. Nf2 Nb6 27.
Kh1 Qe5 28. Qd2 Rf8 29. Kg1 Rf6 30. c4 Nd7 31. Qa5 Qg3 32. Nd3 Qe3+ 33. Kh1 Rf7
34. Qe1 Qg5 35. Kh2 Re7 36. Nf2 Qe5+ 37. Kg1 Nf6 38. Qd2 Re6 39. Qe3 g5 40. Qf3
Kg6 41. Re1 h4 42. Kh1 Nh5 43. Ng4 Ng3+ 44. Kg1 Qd4+ 45. Kh2 Kg7 46. Rd1 Qxe4
47. Qc3+ Kf7 48. Qh8 Qf4 49. Qh7+ Ke8 50. Qxa7 Nf5+ 51. Kg1 Nd4 52. Qg7 Kd8 53.
a4 Re7 54. Qg6 Kc7 55. a5 Ne2+ 56. Kh1 Ng3+ 57. Kg1 Ne2+ 58. Kh1 Ng3+ 59. Kg1
Ne2+ 1/2-1/2

[Event "Continental Class Ch."]
[Site "Arlington, VA"]
[Date "2010.10.08"]
[Round "2"]
[White "Paragua, Mark"]
[Black "Gorman, Dov"]
[Result "1-0"]
[WhiteElo "2496"]
[BlackElo "2285"]
[PlyCount "71"]
[EventDate "2010.10.??"]
[Source "MonRoi"]

1. e4 c5 2. Nf3 d6 3. d4 cxd4 4. Nxd4 Nf6 5. Nc3 g6 6. Be3 Bg7 7. f3 Nc6 8. Qd2
O-O 9. O-O-O d5 10. Kb1 Rb8 11. Nb3 dxe4 12. Qxd8 Rxd8 13. Rxd8+ Nxd8 14. Bxa7
Ra8 15. Bb6 Bf5 16. Be2 exf3 17. Bxf3 Nc6 18. Nd4 Nxd4 19. Bxd4 Rd8 20. Rd1 Ne4
21. Bxg7 Rxd1+ 22. Nxd1 Nd2+ 23. Kc1 Nxf3 24. gxf3 Kxg7 25. Kd2 e5 26. a4 Bd7
27. a5 f5 28. c4 Bc6 29. Ke2 g5 30. b4 e4 31. fxe4 Bxe4 32. Nc3 Bh1 33. b5 Kf6
34. Nd5+ Ke5 35. a6 bxa6 36. bxa6 1-0

[Event "Continental Class Ch."]
[Site "Arlington, VA"]
[Date "2010.10.08"]
[Round "2"]
[White "Ostrovskiy, Aleksandr"]
[Black "Mandizha, Farai"]
[Result "1-0"]
[WhiteElo "2243"]
[BlackElo "2420"]
[PlyCount "119"]
[EventDate "2010.10.??"]
[Source "MonRoi"]

1. e4 c6 2. d4 d6 3. Nc3 g6 4. Be3 Bg7 5. Qd2 b5 6. f3 Bb7 7. g4 Nd7 8. h4 h5
9. gxh5 Rxh5 10. O-O-O Nb6 11. Bd3 Nc4 12. Bxc4 bxc4 13. Nge2 Bf6 14. Bg5 Qa5
15. f4 O-O-O 16. Ng3 Rh8 17. Qe2 d5 18. exd5 cxd5 19. Bxf6 exf6 20. f5 Qc7 21.
Qf3 Nh6 22. Nce2 Rd6 23. fxg6 fxg6 24. Nf4 Rg8 25. h5 g5 26. Ng6 Kb8 27. Rde1
f5 28. Nxf5 Rf6 29. Nxh6 Rgxg6 30. Re8+ Bc8 31. Rxc8+ Kxc8 32. Qg4+ Kb7 33.
hxg6 Rxg6 34. Nf5 c3 35. Qf3 cxb2+ 36. Kb1 Rb6 37. Qxd5+ Ka6 38. Ne3 g4 39.
Qc4+ Qxc4 40. Nxc4 Rb4 41. Nxb2 Rxd4 42. Nd3 Kb5 43. Rg1 a5 44. a3 Re4 45. Kb2
Rc4 46. Ne5 Rc5 47. Nxg4 Rg5 48. Rg2 Ka4 49. Ne3 Rb5+ 50. Ka2 Re5 51. Nd1 Rc5
52. Rg4+ Kb5 53. Kb3 Rh5 54. Nc3+ Kb6 55. Rg6+ Kb7 56. Ne4 Re5 57. Nd6+ Kc7 58.
Nc4 Rb5+ 59. Kc3 Kb8 60. Rb6+ 1-0

[Event "Continental Class Ch."]
[Site "Arlington, VA"]
[Date "2010.10.08"]
[Round "2"]
[White "Kaufman, Lawrence"]
[Black "Francisco, Richard"]
[Result "1-0"]
[WhiteElo "2413"]
[BlackElo "2222"]
[PlyCount "63"]
[EventDate "2010.10.??"]
[Source "MonRoi"]

1. d4 f5 2. Bg5 g6 3. Nc3 Bg7 4. e4 fxe4 5. Nxe4 Nf6 6. Bd3 Nc6 7. c3 O-O 8.
Nf3 d5 9. Ned2 Qd6 10. Bb5 Qe6+ 11. Qe2 Qxe2+ 12. Kxe2 Bd7 13. Rhe1 h6 14. Bh4
g5 15. Bxc6 Bxc6 16. Bg3 Nh5 17. Kf1 Nxg3+ 18. hxg3 Rfe8 19. Ne5 Bb5+ 20. Kg1
Rac8 21. a4 Ba6 22. Nb3 b6 23. Nc6 Bf6 24. Nxa7 Ra8 25. Nc6 Bd3 26. Nd2 e6 27.
b4 Bc2 28. a5 Bd3 29. Nf3 Bb5 30. Nfe5 Kg7 31. axb6 Bxe5 32. Rxa8 1-0

[Event "Continental Class Ch."]
[Site "Arlington, VA"]
[Date "2010.10.08"]
[Round "2"]
[White "Shibut, Macon"]
[Black "Holt, Conrad"]
[Result "1-0"]
[WhiteElo "2235"]
[BlackElo "2403"]
[PlyCount "59"]
[EventDate "2010.10.??"]
[Source "MonRoi"]

1. e4 e6 2. d3 d5 3. Nd2 c5 4. Ngf3 Nc6 5. g3 Bd6 6. Bg2 Nge7 7. O-O O-O 8. Nh4
Bd7 9. f4 f6 10. c3 b5 11. Qe2 d4 12. Ndf3 e5 13. f5 dxc3 14. bxc3 b4 15. c4
Nd4 16. Nxd4 cxd4 17. Bf3 a5 18. Bh5 Be8 19. g4 g6 20. fxg6 hxg6 21. Bh6 gxh5
22. Bxf8 Kxf8 23. Rxf6+ Kg7 24. Qf2 Nc8 25. Rf1 Qd7 26. Nf5+ Kxf6 27. Ne7+ Kg5
28. Qf6+ Kxg4 29. Qg7+ Kh4 30. Qg3# 1-0

[Event "Continental Class Ch."]
[Site "Arlington, VA"]
[Date "2010.10.08"]
[Round "2"]
[White "Holroyd, Kenneth"]
[Black "Enkhbat, Tegshsuren"]
[Result "0-1"]
[WhiteElo "2120"]
[BlackElo "2384"]
[PlyCount "70"]
[EventDate "2010.10.??"]
[Source "MonRoi"]

1. d4 d5 2. c4 c6 3. Nf3 Nf6 4. e3 a6 5. Nc3 b5 6. cxd5 cxd5 7. Qb3 e6 8. Ne5
Bd6 9. f4 O-O 10. Bd3 Bb7 11. O-O Nbd7 12. Bd2 Rc8 13. a4 b4 14. Na2 a5 15.
Rfc1 Ne4 16. Rxc8 Qxc8 17. Be1 Bxe5 18. fxe5 Ba6 19. Rc1 Qb7 20. Bxa6 Qxa6 21.
Qd1 f6 22. exf6 Ndxf6 23. Bh4 g5 24. Bg3 Nxg3 25. hxg3 Qd6 26. Qf3 Ne4 27. Qg4
Kg7 28. Rf1 Rxf1+ 29. Kxf1 h5 30. Qh3 Qf8+ 31. Kg1 Qf2+ 32. Kh2 Nd2 33. Kh1
Qe1+ 34. Kh2 Nf1+ 35. Kg1 Nxe3+ 0-1

[Event "Continental Class Ch."]
[Site "Arlington, VA"]
[Date "2010.10.08"]
[Round "2"]
[White "Gurevich, Daniel"]
[Black "Bodek, Michael"]
[Result "1-0"]
[WhiteElo "2054"]
[BlackElo "2207"]
[PlyCount "71"]
[EventDate "2010.10.??"]
[Source "MonRoi"]

1. e4 c5 2. Nc3 e6 3. f4 a6 4. Nf3 Nc6 5. g3 d5 6. d3 Nf6 7. Bg2 Be7 8. O-O b5
9. e5 Nd7 10. f5 Ndxe5 11. Nxe5 Nxe5 12. Bf4 Nc6 13. fxe6 Bxe6 14. Qh5 g6 15.
Qf3 Nd4 16. Qf2 O-O 17. Bh6 Re8 18. Rae1 Nf5 19. Bf4 b4 20. Nd1 Rc8 21. Ne3
Nxe3 22. Bxe3 Bf8 23. d4 c4 24. Bf4 f6 25. Bg5 Bg7 26. Bxf6 Bxf6 27. Qxf6 Qxf6
28. Rxf6 Bf7 29. Ref1 Be6 30. Rxe6 Rxe6 31. Bxd5 Rcc6 32. Rf6 Rcd6 33. Bxe6+
Kg7 34. Rf7+ Kh6 35. d5 a5 36. Rc7 1-0

[Event "Continental Class Ch."]
[Site "Arlington, VA"]
[Date "2010.10.08"]
[Round "3"]
[White "Ostrovskiy, Aleksandr"]
[Black "Paragua, Mark"]
[Result "1/2-1/2"]
[WhiteElo "2243"]
[BlackElo "2496"]
[PlyCount "250"]
[EventDate "2010.10.??"]
[Source "MonRoi"]

1. e4 c6 2. d4 d5 3. Nc3 dxe4 4. Nxe4 Bf5 5. Ng3 Bg6 6. h4 h6 7. Nf3 Nd7 8. h5
Bh7 9. Bd3 Bxd3 10. Qxd3 e6 11. Bf4 Qa5+ 12. Bd2 Bb4 13. Ne4 Ngf6 14. Nd6+ Ke7
15. Nxb7 Bxd2+ 16. Nxd2 Qb4 17. Qb3 Qxd4 18. O-O-O Rab8 19. Qa3+ c5 20. Na5
Rhc8 21. f3 Qb4 22. Qxb4 cxb4 23. Nac4 Rb5 24. g4 Ne5 25. b3 Nxc4 26. Nxc4 Rbc5
27. Rd2 Nd5 28. Kb2 a5 29. Ra1 Rb8 30. Rd4 a4 31. a3 Rcb5 32. Nd2 bxa3+ 33.
Rxa3 axb3 34. c4 Rb4 35. Rxb3 g6 36. hxg6 fxg6 37. Rxb4 Nxb4 38. Kc3 Nc6 39.
Re4 Ra8 40. Re2 Ra3+ 41. Kb2 Rd3 42. Kc2 Nb4+ 43. Kd1 Kf6 44. Rh2 Kg7 45. Ke2
Rc3 46. Rh1 Nc6 47. Rb1 Nd4+ 48. Kf2 Rd3 49. Rb2 h5 50. gxh5 gxh5 51. Kg3 e5
52. c5 Kg6 53. c6 Kf5 54. c7 Rc3 55. Rb7 h4+ 56. Kxh4 Kf4 57. c8=Q Rxc8 58.
Rf7+ Nf5+ 59. Kh3 Rc3 60. Nf1 Rxf3+ 61. Kg2 Ra3 62. Kf2 Ra2+ 63. Ke1 Ke4 64.
Nd2+ Kf4 65. Nf1 Kg5 66. Nd2 Ra4 67. Ke2 Kf4 68. Nf1 Ra3 69. Nd2 Rh3 70. Nf1 e4
71. Kf2 Ra3 72. Rf8 Rb3 73. Rf7 Ke5 74. Rf8 Rb2+ 75. Ke1 e3 76. Nxe3 Nxe3 77.
Re8+ Kd4 78. Rd8+ Nd5 79. Kf1 Ke4 80. Re8+ Kf3 81. Rf8+ Nf4 82. Ke1 Rb6 83. Kd2
Rd6+ 84. Kc3 Ke3 85. Re8+ Ne6 86. Kc4 Ke4 87. Kc3 Rc6+ 88. Kd2 Kd5 89. Kd3 Ra6
90. Ke3 Ra3+ 91. Ke2 Nf4+ 92. Kd2 Kd4 93. Rd8+ Nd5 94. Ke2 Ra5 95. Kf3 Ra3+ 96.
Ke2 Re3+ 97. Kd2 Rf3 98. Ke2 Rf5 99. Ra8 Nc3+ 100. Kd2 Rf2+ 101. Ke1 Rc2 102.
Rd8+ Ke3 103. Re8+ Ne4 104. Kd1 Rc7 105. Re6 Kd3 106. Re8 Rd7 107. Kc1 Nd6 108.
Rh8 Rc7+ 109. Kd1 Nf5 110. Rd8+ Nd4 111. Ke1 Rc2 112. Kf1 Rc5 113. Rd7 Re5 114.
Rd8 Ke3 115. Ra8 Nc2 116. Rc8 Nb4 117. Kg2 Nd5 118. Rg8 Nf6 119. Rg3+ Ke2 120.
Rg6 Nh5 121. Rg8 Re3 122. Ra8 Nf4+ 123. Kh2 Kf2 124. Ra2+ Ne2 125. Ra8 Rf3
1/2-1/2

[Event "Continental Class Ch."]
[Site "Arlington, VA"]
[Date "2010.10.08"]
[Round "3"]
[White "Mandizha, Farai"]
[Black "Yanayt, Eugene"]
[Result "0-1"]
[WhiteElo "2420"]
[BlackElo "2153"]
[PlyCount "90"]
[EventDate "2010.10.??"]
[Source "MonRoi"]

1. g3 e5 2. Bg2 d5 3. Nf3 Nc6 4. O-O Nf6 5. d4 exd4 6. Nxd4 Bc5 7. Nb3 Be7 8.
Nc3 Be6 9. Bg5 O-O 10. Rb1 Qe8 11. Nb5 Rc8 12. N5d4 Nxd4 13. Nxd4 Bg4 14. h3
Bd7 15. c4 c6 16. Qb3 b6 17. cxd5 Nxd5 18. Bd2 Bf6 19. e3 Ne7 20. Qa3 c5 21.
Ne2 Bc6 22. f3 Qd7 23. Rbd1 Bb5 24. Rfe1 Bxe2 25. Rxe2 Qb5 26. Bf1 Bxb2 27.
Qxa7 Nc6 28. Qd7 Qa4 29. Rde1 Rcd8 30. Qf5 Ne5 31. Bg2 Nd3 32. Rf1 c4 33. f4 c3
34. Bd5 Qa5 35. Be4 Qxf5 36. Bxf5 c2 37. Kg2 Ba3 38. Bxd3 Rxd3 39. Bc1 Rc8 40.
Kf2 b5 41. Rfe1 b4 42. g4 Rd1 43. Bd2 Rd8 44. Bc1 Rxe1 45. Rxe1 Rd1 0-1

[Event "Continental Class Ch."]
[Site "Arlington, VA"]
[Date "2010.10.08"]
[Round "3"]
[White "Sarkar, Justin"]
[Black "Clancy, Daniel"]
[Result "1-0"]
[WhiteElo "2389"]
[BlackElo "2133"]
[PlyCount "35"]
[EventDate "2010.10.??"]
[Source "MonRoi"]

1. d4 d5 2. c4 c6 3. Nf3 Nf6 4. Nc3 e6 5. Bg5 h6 6. Bxf6 Qxf6 7. e3 Nd7 8. Bd3
dxc4 9. Bxc4 g6 10. O-O Bg7 11. Ne4 Qe7 12. Qc2 b6 13. Bb5 cxb5 14. Qc6 Rb8 15.
Nd6+ Kd8 16. Rac1 Nf6 17. Ne5 Rf8 18. Qxc8+ 1-0

[Event "Continental Class Ch."]
[Site "Arlington, VA"]
[Date "2010.10.08"]
[Round "3"]
[White "Gorman, Dov"]
[Black "Stancil, Kimani"]
[Result "1-0"]
[WhiteElo "2285"]
[BlackElo "2112"]
[PlyCount "65"]
[EventDate "2010.10.??"]
[Source "MonRoi"]

1. e4 c5 2. Nf3 d6 3. d4 cxd4 4. Nxd4 Nf6 5. Nc3 g6 6. f4 a6 7. Be2 Bg7 8. O-O
O-O 9. Be3 Nc6 10. Bf3 Bd7 11. Nb3 a5 12. a4 Rc8 13. Rf2 Nb8 14. e5 Ne8 15.
Bxb7 Rc4 16. Nd5 Be6 17. Qd3 Qd7 18. Qxc4 Qxb7 19. Rd1 dxe5 20. fxe5 Bxe5 21.
Qe4 Bxd5 22. Qxe5 Bxb3 23. cxb3 Nc6 24. Qb5 Qa8 25. Bh6 Ng7 26. Rc1 Nd4 27. Qe5
Nge6 28. Bxf8 f6 29. Qe3 Kxf8 30. Rc4 Qd5 31. Rd2 Qe5 32. Qxe5 fxe5 33. b4 1-0

[Event "Continental Class Ch."]
[Site "Arlington, VA"]
[Date "2010.10.08"]
[Round "3"]
[White "Adu, Oladapo"]
[Black "Harmon-Vellotti, Luke"]
[Result "0-1"]
[WhiteElo "2237"]
[BlackElo "2110"]
[PlyCount "104"]
[EventDate "2010.10.??"]
[Source "MonRoi"]

1. e4 e6 2. d3 d5 3. Nd2 c5 4. Ngf3 Nc6 5. g3 Bd6 6. Bg2 Nge7 7. O-O O-O 8. Re1
Qc7 9. c3 Bd7 10. Qe2 f6 11. Nb3 b5 12. d4 c4 13. Nbd2 b4 14. Nf1 a5 15. Nh4 a4
16. exd5 Nxd5 17. Qxc4 Qa5 18. Ne3 Nce7 19. Bd2 Bb5 20. cxb4 Qa6 21. Qc2 Rac8
22. Qe4 Bxb4 23. Nxd5 Nxd5 24. Bxb4 Nxb4 25. Bh3 f5 26. Qxe6+ Qxe6 27. Rxe6 Nc2
28. Rd1 Nxd4 29. Re5 Rfd8 30. Kh1 g6 31. Bg2 Bc4 32. h3 Bxa2 33. g4 fxg4 34.
hxg4 Ne6 35. Rxd8+ Rxd8 36. Bc6 Rd4 37. f3 Kf7 38. Ng2 Bb3 39. Ra5 Kf6 40. Kh2
Rc4 41. Bd7 Nc5 42. Ne3 Rc1 43. Bc6 Ke5 44. Kg3 Kd4 45. Ng2 Rc2 46. Be8 Rxb2
47. Nf4 g5 48. Nh3 h6 49. Nf2 Bd5 50. Rxc5 Kxc5 51. Nd3+ Kd4 52. Nxb2 a3 0-1

[Event "Continental Class Ch."]
[Site "Arlington, VA"]
[Date "2010.10.09"]
[Round "4"]
[White "Paragua, Mark"]
[Black "Stripunsky, Alexander"]
[Result "1/2-1/2"]
[WhiteElo "2496"]
[BlackElo "2583"]
[PlyCount "57"]
[EventDate "2010.10.??"]
[Source "MonRoi"]

1. d4 d5 2. c4 c6 3. Nf3 Nf6 4. e3 Bg4 5. Qb3 Qb6 6. Nc3 Nbd7 7. Qxb6 Nxb6 8.
cxd5 Nfxd5 9. Ne5 Be6 10. Be2 Nb4 11. O-O f6 12. Nd3 Nxd3 13. Bxd3 Bc4 14. Bxc4
Nxc4 15. b3 Nb6 16. e4 e6 17. a3 Bd6 18. Be3 Ke7 19. Rfd1 Rhc8 20. f4 f5 21. g3
fxe4 22. Nxe4 Nd5 23. Re1 Rf8 24. Bd2 h6 25. Re2 Kd7 26. Kg2 Be7 27. a4 b6 28.
Rae1 Bf6 29. Nf2 1/2-1/2

[Event "Continental Class Ch."]
[Site "Arlington, VA"]
[Date "2010.10.09"]
[Round "4"]
[White "Yang, Darwin"]
[Black "Perelshteyn, Eugene"]
[Result "0-1"]
[WhiteElo "2402"]
[BlackElo "2528"]
[PlyCount "56"]
[EventDate "2010.10.??"]
[Source "MonRoi"]

1. d4 Nf6 2. c4 g6 3. Nc3 Bg7 4. e4 d6 5. f3 a6 6. Be3 c6 7. c5 O-O 8. Nge2 b6
9. cxd6 exd6 10. Qd2 b5 11. g4 b4 12. Nd1 c5 13. Bg2 Nc6 14. Rc1 a5 15. g5 Nd7
16. d5 Nd4 17. Nxd4 cxd4 18. Bxd4 Bxd4 19. Qxd4 Qxg5 20. Qd2 Qh4+ 21. Nf2 Ba6
22. Kd1 Ne5 23. Kc2 f5 24. Rce1 fxe4 25. Rxe4 Qf6 26. Ng4 Nxg4 27. fxg4 Qf2 28.
Rd1 Qc5+ 0-1

[Event "Continental Class Ch."]
[Site "Arlington, VA"]
[Date "2010.10.09"]
[Round "4"]
[White "Perez, Robert"]
[Black "Lenderman, Aleksandr"]
[Result "0-1"]
[WhiteElo "2211"]
[BlackElo "2559"]
[PlyCount "198"]
[EventDate "2010.10.??"]
[Source "MonRoi"]

1. e4 c6 2. d4 d5 3. Nc3 dxe4 4. Nxe4 Nd7 5. Nf3 Ngf6 6. Nxf6+ Nxf6 7. Ne5 Be6
8. Be2 g6 9. O-O Bg7 10. c4 O-O 11. Be3 Ne4 12. f4 Qa5 13. Qc2 Nd6 14. Rad1
Rac8 15. b3 Bf5 16. Qb2 Be4 17. Rfe1 Rfd8 18. Bf2 f6 19. Bg4 Bf5 20. Bxf5 gxf5
21. Nf3 Ne4 22. Nd2 Nxd2 23. Rxd2 e5 24. Rde2 e4 25. Qd2 Qxd2 26. Rxd2 Bf8 27.
Red1 Kf7 28. Kf1 a6 29. Ke2 h5 30. Be3 Bb4 31. Rc2 Rd7 32. Kf2 Rg8 33. Kf1 Ba5
34. Re2 Bc7 35. Rc2 h4 36. Re2 Rg4 37. Rf2 Ke6 38. Kg1 Rd8 39. Kf1 a5 40. a4
Rd7 41. Kg1 Rg8 42. Kf1 Rgd8 43. Rfd2 Ke7 44. Kf2 Bd6 45. Ke2 Bb4 46. Rc2 Ke6
47. Kf2 Kf7 48. h3 Rg8 49. Kf1 Rg3 50. Kf2 Rd8 51. Re2 Ke7 52. Kf1 b6 53. Kf2
c5 54. d5 Bc3 55. d6+ Rxd6 56. Rxd6 Kxd6 57. Kf1 Bd4 58. Kf2 Kc6 59. Re1 Rg7
60. Re2 Kc7 61. Re1 Rg3 62. Re2 Kd8 63. Re1 Ke7 64. Re2 Kf7 65. Re1 Rg8 66. Re2
Rg6 67. Re1 Rg7 68. Re2 Rg8 69. Kf1 Rg3 70. Kf2 Bc3 71. Kf1 Ba1 72. Kf2 Kg6 73.
Kf1 Kh5 74. Kf2 Bc3 75. Kf1 Rg7 76. Rc2 Bd4 77. Re2 Rg3 78. Kf2 Bc3 79. Kf1 Rg8
80. Rc2 Bb4 81. Bd2 Rd8 82. Bxb4 axb4 83. Ke2 Rd3 84. Rb2 Kg6 85. Kf2 Rg3 86.
Kf1 Kf7 87. Kg1 Rc3 88. Kf2 Ke6 89. Kf1 Rc1+ 90. Kf2 Kf7 91. Ke2 Rh1 92. Kf2
Rd1 93. Ke2 Rd3 94. Kf2 Ke6 95. Ke2 Rg3 96. Kf2 Kd6 97. Kf1 Kc6 98. Kf2 e3+ 99.
Kf1 e2+ 0-1